| 000 | 00584nam a2200157Ia 4500 | ||
|---|---|---|---|
| 003 | LK-CoDNM | ||
| 008 | 010623t xxu||||| |||| 00| 1 sin d | ||
| 040 |
_aLK-CoDNM _dLK-CoDNM _eLK-CoDNM |
||
| 041 | _asin | ||
| 080 | _aX 32 | ||
| 245 | _aසසප සාමාජික රාජ්යකුමාර් අත් අඩංගුවෙන් නිදහස් කර ගැනිමේ අරගලයේ පාඩම් | ||
| 246 | _aSasapa Samajika Rajkumar Atrh Adanguwen Nidahas Kara Ganimey Aragalaey padam | ||
| 260 | _bKamKaru Mawatha | ||
| 300 | _b32p. cm | ||
| 942 | _cBK | ||
| 999 |
_c141749 _d141749 |
||